Rolland and Tagore (Record no. 4359)

MARC details
000 -LEADER
fixed length control field 00494cam a2200193ua 4500
001 - CONTROL NUMBER
control field 5181
005 - DATE AND TIME OF LATEST TRANSACTION
control field 20260515113838.0
008 - FIXED-LENGTH DATA ELEMENTS--GENERAL INFORMATION
fixed length control field 120730n ii |||gr||||Z||||||eng
040 ## - CATALOGING SOURCE
Transcribing agency MAIN
082 ## - DEWEY DECIMAL CLASSIFICATION NUMBER
Classification number 920
100 ## - MAIN ENTRY--PERSONAL NAME
Personal name Aronson, Alex,
Relator term Editor,
245 11 - TITLE STATEMENT
Title Rolland and Tagore
Statement of responsibility, etc. by Alex Aronson
250 ## - EDITION STATEMENT
Edition statement 1st.
260 ## - PUBLICATION, DISTRIBUTION, ETC.
Place of publication, distribution, etc. Calcutta:
Name of publisher, distributor, etc. Visva vharati,
Date of publication, distribution, etc. 1945.
300 ## - PHYSICAL DESCRIPTION
Extent 104p:
Dimensions 15cm.
653 ## - INDEX TERM--UNCONTROLLED
Uncontrolled term Biography, genealogy & insignia
700 ## - ADDED ENTRY--PERSONAL NAME
Personal name Kripalani, Krishna,
Relator term Editor,
942 ## - ADDED ENTRY ELEMENTS (KOHA)
Koha item type Books
Holdings
Withdrawn status Lost status Damaged status Not for loan Home library Current library Shelving location Date acquired Total checkouts Full call number Barcode Date last seen Copy number Price effective from Koha item type
        Naharkatiya College Library Naharkatiya College Library General stacks 09/19/2020   920 | ROL 6194 09/19/2020 1 09/19/2020 Books